Film du studio Ghibli par année - Statistiques

Statistiques générales
  • Ce quiz a été pris 44 fois
  • Le résultat moyen est 6 sur 10
Statistiques - réponses
Hint Réponse % Correct
2013 Le Vent se Lève
75%
2004 Le Château Ambulant
72%
2001 Le Voyage de Chihiro
64%
1989 Kiki la Petite Sorcière
61%
1997 Princesse Mononoké
61%
1986 Le Château dans le Ciel
56%
1988 Mon Voisin Totoro
56%
2008 Ponyo sur la Falaise
56%
1984 Nausicaä de la Vallée du Vent
53%
1992 Porco Rosso
47%
Aucun quiz correspondant
Distribution des résultats
% des personnes avec chaque résultat
Percentile par nombre de réponses
Votre historique - résultats
Vous n’avez pas pris ce quiz